000 00625nam a2200181Ia 4500
008 100920s9999 xx 000 0 und d
082 _b1734
_a891.461 0
100 _aआळतेकर सदाशिव खंडो.
245 _aसमर्थ-रत्न-संग्रह.
260 _bआळतेकर सदाशिव खंडो,कर्हाड.
_c0
300 _a541
_bसाधी
365 _b1.25
520 _aपदय.
630 _aसमर्थ-रत्न-संग्रह.
650 _aपदय.
730 _aसमर्थ-रत्न-संग्रह.
942 _cBOOK
999 _c672581
_d672578